Statistics for First Names A - Z by Picture

Click here to take the quiz!

General Stats

  • This quiz has been taken 10,762 times
  • The average score is 20 of 26

Answer Stats

Answer % Correct
Charlie
97%
George
96%
Henry
94%
Frank
93%
Nicolas
91%
David
90%
Ellen
89%
Vincent
88%
Louis
87%
Winston
87%
Taylor
87%
Amelia
84%
Ronald
79%
Isaac
78%
Quentin
76%
Patrick
75%
Ulysses
73%
Xavi
71%
Yuri
70%
Olivia
67%
Zayn
64%
Michael
56%
Sophia
55%
Kirk
52%
Judy
51%
Boris
47%

Score Distribution

Percentile by Number Answered

Percent of People with Each Score

Your Score History

You have not taken this quiz